000 00966nam a2200217Ii 4500
003 JO-AjNU
008 230605s9999||||xx |||||||||||||| ||und||
020 _a978-1-56564-476-2
040 _aJO-AjNU
_bara
_erda
_cJO-AjNU
041 _aara
050 1 4 _aBP69.U6.H36 2013
100 3 _aالعلواني، زينب طه,
_eauthor
_952311
245 0 0 _aالأسرة في مقاصد الشريعة : قراءة في قضايا الزواج والطلاق في أمريكا
250 _aط1
264 3 1 _aفيرجينيا: المعهد العالمي للفكر الاسلامي، 2013
300 _a383ص
_bالمراجع ص 359-379 ؛ الكشاف ص381-383
336 _atext
_btxt
_2rdacontent
337 _aunmediated
_bn
_2rdamedia
338 _avolume
_bnc
_2rdacarrier
650 4 _aالاسرة في الاسلام- العلاقات الاسرية- المرأة في الاسلام- الاسلام- الولايات المتحدة الامريكية
_952312
999 _aA23165
_c26733
_d26733